LEADER 00966nam a2200241 u 4500 001 000000008685 003 CaOOAMICUS 005 20070226105124.0 008 940516s1973 it u000 u ita u 035 $a10223464 040 $aPUL$bita 100 1 $aDionisotti-Casalone, Carlo.$0(OLS)http://pul/name/8649 245 10$aDon Giuseppe De Luca /$cCarlo Dionisotti. 260 $aRoma :$bEdizione di storia e letteratura,$c1973. 300 $a60 p. ;$c21 cm 504 $aComprende indicazioni bibliografiche. 600 14$aDe Luca, Giuseppe,$csac.,$d1898-1962.$0(OLS)http://pul/subject/7337 850 $aPUL 852 $aPUL$W1$xDP1 Fondo Maccarrone$y58$m1514 F 12$j12241$nBK-PRI$b $qFondi$B12241$CPULBib$Z2$F12241 $H $81 941 1 $a1 961 $aINV: 3456.F.Maccarrone 996 $6245$aDon Giuseppe De Luca$9(OLS)http://pul/title/12728 996 $6260$aRoma :$bEdizione di storia e letteratura$9(OLS)http://pul/publisher/52207 LEADER 01286nam a2200265 u 4500 001 000000090148 003 CaOOAMICUS 005 20070226124707.0 008 051207s1963 it u000 u ita u 035 $a11071755 040 $aPUL(R)$bita 245 02$aL'enciclica "Mater et Magistra" :$blinee generali e problemi particolari /$ca cura di Th. Mulder, S.I. ed Hervé Carrier, S.I. 260 $aRoma :$bLibreria Editrice dell'Universitŕ Gregoriana,$c1963. 300 $a197 p. ;$c23 cm 490 1 $aStudia socialia ;$v7 504 $aBibliografia: p. [178]-197. 610 24$aPapi (1958-1963 : Iohannes PP. XXIII).$tMater et Magistra.$0(OLS)http://pul/subject/19569 700 1 $aCarrier, Hervé,$cS.I.,$d1921-2014.$0(OLS)http://pul/name/2968 700 1 $aMulder, Teodoro,$cS.I.$0(OLS)http://pul/name/55720 830 0$aStudia socialia ;$v7.$0(OLS)http://pul/title/61714 850 $aPUL 852 $aPUL$W1$xDP1 Fondo Pastorale$y55$mP15 C 58$j113824$nBK-PRI$b $qFondi$B113824$CPULBib$Z2$F113824 $HPUL58469 $81 941 1 $a1 996 $6245$aL'enciclica "Mater et Magistra" :$blinee generali e problemi particolari$9(OLS)http://pul/title/116447 996 $6260$aRoma :$bLibreria Editrice dell'Universitŕ Gregoriana$9(OLS)http://pul/publisher/60784